<?xml version="1.0" encoding="UTF-8"?>
<record
    xmlns:xsi="http://www.w3.org/2001/XMLSchema-instance"
    xsi:schemaLocation="http://www.loc.gov/MARC21/slim http://www.loc.gov/standards/marcxml/schema/MARC21slim.xsd"
    xmlns="http://www.loc.gov/MARC21/slim">

  <leader>01616nas a2200277Ia 4500</leader>
  <controlfield tag="001">R052-S4850</controlfield>
  <controlfield tag="003">IT-CnALBA</controlfield>
  <controlfield tag="008">170116c99999999xx ||||||||||||   ||und||</controlfield>
  <datafield tag="040" ind1=" " ind2=" ">
    <subfield code="a">IT-CnALBA</subfield>
    <subfield code="c">IT-CnALBA</subfield>
  </datafield>
  <datafield tag="041" ind1=" " ind2=" ">
    <subfield code="a">ITALIANO</subfield>
  </datafield>
  <datafield tag="100" ind1=" " ind2=" ">
    <subfield code="a">MEJIA JORGE, MONSIGNORE</subfield>
  </datafield>
  <datafield tag="210" ind1=" " ind2=" ">
    <subfield code="a">RASSEGNA DI TEOLOGIA</subfield>
  </datafield>
  <datafield tag="222" ind1=" " ind2=" ">
    <subfield code="a">RASSEGNA DI TEOLOGIA</subfield>
  </datafield>
  <datafield tag="245" ind1=" " ind2="0">
    <subfield code="a">RASSEGNA DI TEOLOGIA. GENNAIO FEBBRAIO 1998. RIVISTA DI TEOLOGIA E SCIENZE UMANE. </subfield>
  </datafield>
  <datafield tag="250" ind1=" " ind2=" ">
    <subfield code="a">1a ed.</subfield>
  </datafield>
  <datafield tag="260" ind1=" " ind2=" ">
    <subfield code="a"> MILANO - TORINO</subfield>
    <subfield code="b">SAN PAOLO ED. </subfield>
    <subfield code="c">1998 [1&#xB0; Ed.:1998 - Ed.Ling.Originale: 1998]</subfield>
  </datafield>
  <datafield tag="300" ind1=" " ind2=" ">
    <subfield code="a">160 p. </subfield>
  </datafield>
  <datafield tag="310" ind1=" " ind2=" ">
    <subfield code="a">BIMESTRALE</subfield>
  </datafield>
  <datafield tag="362" ind1=" " ind2=" ">
    <subfield code="a">Fascicolo: 1 / Anno: 39 (1998)</subfield>
  </datafield>
  <datafield tag="500" ind1=" " ind2=" ">
    <subfield code="a">LA DOTTRINA SOCIALE DELLA CHIESA. ALL'ORIGINE DELLO SPIRITO SANTO. ZUCCARO C. LA VITA UMANA &#xC8; INDISPONIBILE? JANNONE F. WALTER KASPER, REDENZIONE E STORIA. SCOLA A. IL CORAGGIO DELLA SCELTA. BERTACCHINI R. LE LISTE DEI NOMI NEL NUOVO TESTAMENTO, QUALE VALORE ECCLESIOLOGICO? FORUM ATI. PARENTE U. LA FORMAZIONE DELLA COSCIENZA CONCILIARE AL VATICANO II. RECENSIONI. </subfield>
  </datafield>
  <datafield tag="501" ind1=" " ind2=" ">
    <subfield code="a">Societ&#xE0; San Paolo EM - Piazza San Paolo, 14 - 12051 ALBA (CN)  (non commercial uses only) &#xAE; Copyright 2017</subfield>
  </datafield>
  <datafield tag="520" ind1=" " ind2=" ">
    <subfield code="a">LA DOTTRINA SOCIALE DELLA CHIESA. ALL'ORIGINE DELLO SPIRITO SANTO. ZUCCARO C. LA VITA UMANA &#xC8; INDISPONIBILE? JANNONE F. WALTER KASPER, REDENZIONE E STORIA. SCOLA A. IL CORAGGIO DELLA SCELTA. BERTACCHINI R. LE LISTE DEI NOMI NEL NUOVO TESTAMENTO, QUALE VALORE ECCLESIOLOGICO? FORUM ATI. PARENTE U. LA FORMAZIONE DELLA COSCIENZA CONCILIARE AL VATICANO II. RECENSIONI. </subfield>
  </datafield>
  <datafield tag="650" ind1=" " ind2=" ">
    <subfield code="a">TEOLOGIA - SCIENZE UMANE</subfield>
  </datafield>
  <datafield tag="942" ind1=" " ind2=" ">
    <subfield code="c">CR</subfield>
  </datafield>
  <datafield tag="957" ind1=" " ind2=" ">
    <subfield code="7">1</subfield>
  </datafield>
  <datafield tag="999" ind1=" " ind2=" ">
    <subfield code="a">66740</subfield>
    <subfield code="b">NO</subfield>
    <subfield code="g">1</subfield>
    <subfield code="c">333099</subfield>
    <subfield code="d">333099</subfield>
  </datafield>
  <datafield tag="952" ind1=" " ind2=" ">
    <subfield code="0">0</subfield>
    <subfield code="1">0</subfield>
    <subfield code="4">0</subfield>
    <subfield code="6">R_052S4850</subfield>
    <subfield code="7">1</subfield>
    <subfield code="a">ALBA</subfield>
    <subfield code="b">ALBA</subfield>
    <subfield code="d">2017-01-16</subfield>
    <subfield code="l">0</subfield>
    <subfield code="o">R052-S4850</subfield>
    <subfield code="r">2017-01-16 00:00:00</subfield>
    <subfield code="w">2017-01-16</subfield>
    <subfield code="y">CR</subfield>
    <subfield code="z">(data import: 16 gennaio 2017) - By Epidotti, Vaglietti. </subfield>
  </datafield>
</record>
